|
|
|
|
| LEADER |
00000nab#a22000007a#4500 |
| 001 |
arbauad018999 |
| 003 |
AR-BaUAD |
| 005 |
20250711111653.0 |
| 008 |
960423|||||||||###||||||b###|0###a|spa|| |
| 040 |
|
|
|a AR-BaUAD
|c AR-BaUAD
|b spa
|
| 245 |
1 |
0 |
|a Uncommon law
|
| 300 |
0 |
|
|b cortes, fot., plantas, vistas
|
| 653 |
|
|
|a UNIVERSIDAD DE IOWA
|
| 653 |
|
|
|a UNIVERSIDADES
|
| 653 |
|
|
|a IOWA
|
| 653 |
|
|
|a ESTADOS UNIDOS
|
| 653 |
|
|
|a BIRKERTS, GUNNAR
|
| 773 |
0 |
|
|t ARCHITECTURAL RECORD
|g [ago. 1987], p. 106-113
|
| 942 |
|
|
|c ARTI
|
| 952 |
|
|
|0 0
|1 0
|4 0
|7 0
|9 63919
|a AR-BAuAD
|b AR-BAuAD
|d 2025-07-11
|l 0
|p AAQA018999
|r 2025-07-11 11:16:53
|w 2025-07-11
|y ARTI
|
| 990 |
|
|
|a AQ198
|b TD
|
| 998 |
|
|
|a AAQ
|b BIBUN76
|
| 999 |
|
|
|c 43592
|d 43592
|